Phædri augusti liberti : fabularum : libri quinque : accedunt fabulæ novæ phædro attributæ : Dictionario latino-hispano aucta /
Spremljeno u:
| Glavni autor: | |
|---|---|
| Daljnji autori: | |
| Format: | Knjiga |
| Jezik: | latinski |
| Izdanje: | Nueva ed. |
| Teme: | |
| Oznake: |
Bez oznaka, Budi prvi tko označuje ovaj zapis!
|
MARC
| LEADER | 00000nam^a2200000^a^4500 | ||
|---|---|---|---|
| 001 | 000380468 | ||
| 005 | 20250526000000.0 | ||
| 009 | 20260310120604.942 | ||
| 037 | |a Acervo Xavier Clavigero | ||
| 041 | |a LAT | ||
| 082 | |a 873. |b FED | ||
| 100 | |a Fedro |e (autor) | ||
| 240 | 1 | 1 | |a [Fábulas de Fedro] |
| 245 | 1 | 0 | |a Phædri augusti liberti : |b fabularum : libri quinque : accedunt fabulæ novæ phædro attributæ : Dictionario latino-hispano aucta / |c Fedro. |
| 250 | |a Nueva ed. | ||
| 264 | |a París, Francia : |b Pillet Natu Majoris, |c 1840 | ||
| 300 | |a 168 p. ; |c 18.5 cm. | ||
| 336 | |a texto |b txt |2 rdacontenido | ||
| 337 | |a sin mediación |b n |2 rdamedio | ||
| 338 | |a volumen |b nc |2 rdasoporte | ||
| 501 | |a Encuadernación particular | ||
| 545 | 0 | |a Fedro (20-15 a.C. – 50-54) fue un escritor latino de fábulas, en las que se puede apreciar las costumbres de la Roma imperial y en donde el autor aprovecha para criticar el abuso de poder, a los mentirosos y los que hacen el mal. Influido por Esopo, Fredo es el primer poeta que escribe sus fábulas como textos separadas a diferencia de sus predecesores que incluyen sus relatos moralizantes como parte de su obra completa. Son alrededor de 122 las fábulas que han llegado a nuestra época, las cuales normalmente se encuentran conjuntadas en cinco volúmenes y escritas en verso con un lenguaje sencillo. Fue un esclavo liberado de Augusto lo que se deduce de un manuscrito del siglo IX en el que aparece como “liberto de Augusto”. | |
| 561 | |a Ex libris de Bibl. Domus. San Cayetano | ||
| 561 | |a Ex libris de Bibliotheca Coll. Max. Ysletensis S.J. | ||
| 562 | |a Falta cubierta | ||
| 649 | |a XX | ||
| 650 | |a Animales en la Literatura | ||
| 650 | |a Fábulas Latinas | ||
| 650 | |a Poesía Epica | ||
| 650 | |a Literatura Latina | ||
| 650 | |a Literatura Clásica | ||
| 650 | |a Literatura Didáctica - |z Roma | ||
| 650 | |a Literatura y Etica - |z Roma | ||
| 650 | |a Filosofía y Literatura - |z Roma | ||
| 740 | 0 | |a Dictionario latino-hispano / |c J. Phædri. | |
| 700 | |a Phædri, Julii |e (autor) | ||
| 910 | |a Fondo General | ||
| 920 | |a Impresos - Libros | ||
| 930 | |a Libros Antiguos y Raros | ||
| 940 | |a Literatura | ||
| 905 | |a 108 | ||
| 901 | |a 0500275662 |b IT2 |c LRA |u 20250526 | ||
| 902 | |a https://opac.biblio.iteso.mx/vufind/Record/000380468 | ||